Statistics for Destinations from Cluj-Napoca Airport (CLJ)

Click here to take the quiz!

General Stats

  • This quiz has been taken 11 times
  • The average score is 38 of 42

Answer Stats

CountryAirlinesDestination% Correct
United Arab EmiratesWizz AirAbu Dhabi / AUH
100%
SpainWizz AirBarcelona / BCN
100%
SwitzerlandWizz AirBasel / EAP
100%
ItalyRyanair,
Wizz Air
Bergamo / BGY
100%
BelgiumRyanair,
Wizz Air
Brussels / CRL
100%
RomaniaHi Sky,
Tarom
Bucharest / OTP
100%
HungaryAero Express RegionalBudapest / BUD
100%
IrelandHi Sky,
Ryanair
Dublin / DUB
100%
GermanyLufthansaFrankfurt / FRA
100%
TurkeyTurkish AirlinesIstanbul / IST
100%
United KingdomWizz AirLondon / LTN
100%
United KingdomRyanairLondon / STN
100%
SpainWizz AirMadrid / MAD
100%
SpainWizz AirMalaga / AGP
100%
SwedenWizz AirMalmö / MMX
100%
GermanyLufthansaMunich / MUC
100%
ItalyWizz AirNaples / NAP
100%
FranceWizz AirNice / NCE
100%
SpainWizz AirPalma de Mallorca / PMI
100%
FranceRyanair,
Wizz Air
Paris / BVA
100%
ItalyWizz AirRome / CIA
100%
IsraelHi Sky,
Wizz Air
Tel Aviv / TLV
100%
SpainWizz AirValencia / VLC
100%
ItalyWizz AirVenice / VCE
100%
AustriaWizz AirVienna / VIE
100%
PolandLOTWarsaw / WAW
100%
SwitzerlandSwissZurich / ZRH
100%
SpainWizz AirAlicante / ALC
89%
ItalyWizz AirBari / BRI
89%
ItalyWizz AirBologna / BLQ
89%
United KingdomWizz AirBirmingham / BHX
78%
GreeceWizz AirChania / CHQ
78%
GermanyWizz AirHahn / HHN
78%
CyprusWizz AirLarnaca / LCA
78%
ItalyWizz AirCatania / CTA
67%
GreeceWizz AirCorfu / CFU
67%
GermanyWizz AirDortmund / DTM
67%
NetherlandsWizz AirEindhoven / EIN
67%
United KingdomWizz AirLeeds-Bradford / LBA
67%
GermanyWizz AirNuremberg / NUE
67%
GermanyWizz AirMemmingen / FMM
56%
SpainWizz AirZaragoza / ZAZ
44%

Score Distribution

Percentile by Number Answered

Percent of People with Each Score

Your Score History

You have not taken this quiz